000 01217nas1a2200325 i 4500
001 RU\NLR\DRGNLR\2988
005 20240725031144.0
035 _a(NLR Aleph) 010311560
090 _a10638938
_c10638938
100 _a20080514b19171919u y0rusy50 ca
101 0 _arus
102 _aRU
110 _acca||||||||
200 1 _aНаша деревня
_eГаз. еженед., доступ. для всех
_fРед. А. И. Иванов
207 1 _a1917, 25 мая - 1919, [?]
210 _aИркутск
_cСоюз кооперативов
_d1917 - 1919
311 _aИзд. вместо журн. "Иркутский кооператор"
430 0 _aИркутский кооператор
_12001
540 1 _aНаша деревня
702 1 _aИванов
_bА. И.
_4340
710 0 2 _aИркутский Союз кооперативов
801 0 _aRU
_bNLR
_c20080514
_gPSBO
_2gzdor_isis
801 2 _aRU
_bNLR
_c20080514
_gPSBO
_2rusmarc
852 _aNLR
_jР2/1112
942 _cNEWSPAPER
980 _aDRG